000 00637nam a2200229Ia 4500
003 OSt
005 20220918211638.0
006 a|||||r|||| 00| 0
007 ta
008 220917b |||||||| |||| 00| 0 eng d
024 _a125,081
037 _cTextual
040 _aARTS
_cARTS
_beng
041 _2eng
_aeng
082 _aW:915z7, K4 (9060
100 _aHekhuis Dale J ed
_9121132
245 0 _aInternational stability
_b military, economic and political dimensions
260 _c1964
650 _aPOLITICAL SCIENCE
942 _hW:915z7, K4 (9060
_cTEXL
_2CC
999 _c248266
_d248266